[Event "ODJM A 2023"]
[Site "Willingen GER"]
[Date "2023.05.28"]
[Round "2"]
[White "Yelisieiev, Yevhenii"]
[Black "Winkler, Yonathan"]
[Result "1-0"]
[Termination "normal"]
[Board "1"]
[WhiteTitle "IM"]
[WhiteElo "2418"]
[BlackElo "2007"]
[WhiteClock "00:20:42"]
[BlackClock "00:41:56"]
[PlyCount "49"]
[WhiteFideId "14139642"]
[BlackFideId "16266080"]
[EventCountry "GER"]
[EventRounds "9"]
[EventType "swiss"]
[EventDate "2023.05.27"]

1. d4 {[%clk 01:30:55]} {[%emt 00:00:04]} d5 {[%clk 01:30:43]} {[%emt
00:00:17]} 2. c4 {[%clk 01:31:04]} {[%emt 00:00:22]} c6 {[%clk 01:31:07]}
{[%emt 00:00:05]} 3. Nf3 {[%clk 01:31:23]} {[%emt 00:00:10]} Nf6 {[%clk
01:31:31]} {[%emt 00:00:06]} 4. Qc2 {[%clk 01:31:39]} {[%emt 00:00:15]} g6
{[%clk 01:29:22]} {[%emt 00:02:39]} 5. Nc3 {[%clk 01:29:48]} {[%emt 00:02:21]}
Bg7 {[%clk 01:27:40]} {[%emt 00:02:11]} 6. Bf4 {[%clk 01:29:28]} {[%emt
00:00:51]} Bf5 {[%clk 01:25:58]} {[%emt 00:02:12]} 7. Qb3 {[%clk 01:29:01]}
{[%emt 00:00:57]} Qb6 {[%clk 01:24:06]} {[%emt 00:02:22]} 8. e3 {[%clk
01:24:53]} {[%emt 00:04:38]} Na6 {[%clk 01:20:25]} {[%emt 00:04:11]} 9. cxd5
{[%clk 01:20:39]} {[%emt 00:04:45]} Nb4 {[%clk 01:19:48]} {[%emt 00:01:06]} 10.
dxc6 {[%clk 01:16:33]} {[%emt 00:04:36]} bxc6 {[%clk 01:17:51]} {[%emt
00:02:26]} 11. Rc1 {[%clk 01:10:46]} {[%emt 00:06:18]} Nc2+ {[%clk 01:16:30]}
{[%emt 00:01:51]} 12. Kd2 {[%clk 01:05:35]} {[%emt 00:05:41]} Qxb3 {[%clk
01:14:36]} {[%emt 00:02:24]} 13. axb3 {[%clk 01:05:54]} {[%emt 00:00:12]} Nb4
{[%clk 01:15:00]} {[%emt 00:00:05]} 14. Bc4 {[%clk 01:03:01]} {[%emt 00:03:23]}
Rd8 {[%clk 01:11:21]} {[%emt 00:04:09]} 15. Ke2 {[%clk 01:00:04]} {[%emt
00:03:27]} O-O {[%clk 01:08:38]} {[%emt 00:03:13]} 16. Rhd1 {[%clk 00:49:46]}
{[%emt 00:10:48]} Nfd5 {[%clk 01:07:40]} {[%emt 00:01:27]} 17. Ra1 {[%clk
00:42:47]} {[%emt 00:07:30]} Nxf4+ {[%clk 01:05:55]} {[%emt 00:02:15]} 18. exf4
{[%clk 00:43:13]} {[%emt 00:00:05]} a6 {[%clk 00:59:53]} {[%emt 00:06:31]} 19.
Ra4 {[%clk 00:37:07]} {[%emt 00:06:36]} Rb8 {[%clk 00:59:10]} {[%emt 00:01:13]}
20. Ne5 {[%clk 00:35:53]} {[%emt 00:01:45]} Bh6 {[%clk 00:53:12]} {[%emt
00:06:27]} 21. Kf3 {[%clk 00:33:02]} {[%emt 00:03:21]} Kg7 {[%clk 00:42:09]}
{[%emt 00:11:32]} 22. g4 {[%clk 00:21:35]} {[%emt 00:11:57]} f6 {[%clk
00:42:11]} {[%emt 00:00:28]} 23. Nxc6 {[%clk 00:20:15]} {[%emt 00:01:51]} Nxc6
{[%clk 00:42:25]} {[%emt 00:00:16]} 24. gxf5 {[%clk 00:20:41]} {[%emt
00:00:05]} e5 {[%clk 00:41:56]} {[%emt 00:00:58]} 25. fxe6 {[%clk 00:20:42]}
{[%emt 00:00:29]} *

[Event "ODJM A 2023"]
[Site "Willingen GER"]
[Date "2023.05.28"]
[Round "2"]
[White "Bold, André"]
[Black "Schwartz, Oliver"]
[Result "1-0"]
[Termination "normal"]
[Board "3"]
[WhiteElo "2194"]
[BlackElo "1919"]
[WhiteClock "01:30:56"]
[BlackClock "01:29:54"]
[PlyCount "75"]
[WhiteFideId "16208471"]
[BlackFideId "16207459"]
[EventCountry "GER"]
[EventRounds "9"]
[EventType "swiss"]
[EventDate "2023.05.27"]

1. d4 Nf6 2. Nf3 e6 3. e3 c5 4. c3 b6 5. Nbd2 Bb7 6. Bd3 d6 7. O-O Be7 8. Re1
Nbd7 9. e4 O-O 10. Nf1 Qc7 11. Ng3 a6 12. Qe2 b5 13. Bd2 Nb6 14. Rad1 Rfd8 15.
h4 c4 16. Bc2 a5 17. h5 Nfd7 18. Nh2 Bf8 19. f4 e5 20. fxe5 dxe5 21. d5 b4 22.
Rf1 b3 23. Bb1 Nc5 24. Nf5 bxa2 25. Bxa2 Nd3 26. Rf3 Bc8 27. Rdf1 Bxf5 28. Rxf5
Ra7 29. Bb1 Nc5 30. Ng4 Qd6 31. Nxe5 f6 32. Nc6 Raa8 33. Nxd8 Rxd8 34. Qg4 Nbd7
35. Be3 Nd3 36. Bxd3 cxd3 37. Bd4 Ne5 38. Qd1 1-0

[Event "ODJM A 2023"]
[Site "Willingen GER"]
[Date "2023.05.28"]
[Round "2"]
[White "Weidemann, Jakob"]
[Black "Stegert, Jonas"]
[Result "1/2-1/2"]
[Termination "normal"]
[Board "5"]
[WhiteElo "2125"]
[BlackElo "1838"]
[WhiteClock "00:01:11"]
[BlackClock "00:02:34"]
[PlyCount "74"]
[WhiteFideId "16255470"]
[BlackFideId "16247965"]
[EventCountry "GER"]
[EventRounds "9"]
[EventType "swiss"]
[EventDate "2023.05.27"]

1. Nf3 {[%clk 01:30:53]} {[%emt 00:00:06]} Nf6 {[%clk 01:30:53]} {[%emt
00:00:09]} 2. c4 {[%clk 01:31:16]} {[%emt 00:00:06]} e6 {[%clk 01:31:16]}
{[%emt 00:00:07]} 3. e3 {[%clk 01:30:44]} {[%emt 00:01:02]} b6 {[%clk
01:31:14]} {[%emt 00:00:33]} 4. b3 {[%clk 01:31:02]} {[%emt 00:00:10]} Bb7
{[%clk 01:31:16]} {[%emt 00:00:28]} 5. Be2 {[%clk 01:31:17]} {[%emt 00:00:15]}
Be7 {[%clk 01:31:38]} {[%emt 00:00:08]} 6. Bb2 {[%clk 01:31:37]} {[%emt
00:00:10]} O-O {[%clk 01:31:57]} {[%emt 00:00:12]} 7. O-O {[%clk 01:31:58]}
{[%emt 00:00:09]} Re8 {[%clk 01:31:06]} {[%emt 00:01:21]} 8. d3 {[%clk
01:30:12]} {[%emt 00:02:16]} Bf8 {[%clk 01:29:43]} {[%emt 00:01:52]} 9. Nbd2
{[%clk 01:30:18]} {[%emt 00:00:24]} g6 {[%clk 01:29:55]} {[%emt 00:00:19]} 10.
e4 {[%clk 01:27:40]} {[%emt 00:03:08]} d6 {[%clk 01:29:35]} {[%emt 00:00:51]}
11. Qc2 {[%clk 01:27:41]} {[%emt 00:00:29]} Bg7 {[%clk 01:29:23]} {[%emt
00:00:41]} 12. d4 {[%clk 01:19:23]} {[%emt 00:08:49]} Nbd7 {[%clk 01:25:45]}
{[%emt 00:04:08]} 13. Rfe1 {[%clk 01:15:43]} {[%emt 00:04:09]} e5 {[%clk
01:25:51]} {[%emt 00:00:24]} 14. Bf1 {[%clk 01:12:36]} {[%emt 00:03:36]} exd4
{[%clk 01:25:19]} {[%emt 00:01:03]} 15. Bxd4 {[%clk 01:12:21]} {[%emt
00:00:44]} Nc5 {[%clk 01:25:32]} {[%emt 00:00:18]} 16. e5 {[%clk 01:10:07]}
{[%emt 00:02:43]} Ng4 {[%clk 01:20:37]} {[%emt 00:05:26]} 17. exd6 {[%clk
01:08:07]} {[%emt 00:02:30]} Rxe1 {[%clk 01:20:03]} {[%emt 00:01:04]} 18. Rxe1
{[%clk 01:07:58]} {[%emt 00:00:39]} Bxd4 {[%clk 01:20:10]} {[%emt 00:00:23]}
19. Nxd4 {[%clk 01:07:43]} {[%emt 00:00:44]} Qxd6 {[%clk 01:20:29]} {[%emt
00:00:12]} 20. N4f3 {[%clk 01:02:41]} {[%emt 00:05:32]} Ne6 {[%clk 01:19:20]}
{[%emt 00:01:40]} 21. Ne4 {[%clk 00:49:35]} {[%emt 00:13:35]} Nd4 {[%clk
00:58:52]} {[%emt 00:20:59]} 22. Nxd6 {[%clk 00:49:53]} {[%emt 00:00:10]} Nxc2
{[%clk 00:59:19]} {[%emt 00:00:05]} 23. Re7 {[%clk 00:34:38]} {[%emt 00:15:44]}
Bxf3 {[%clk 00:58:05]} {[%emt 00:01:44]} 24. gxf3 {[%clk 00:34:53]} {[%emt
00:00:14]} Nxh2 {[%clk 00:41:34]} {[%emt 00:17:03]} 25. Rxc7 {[%clk 00:32:32]}
{[%emt 00:02:51]} Nxf3+ {[%clk 00:41:43]} {[%emt 00:00:20]} 26. Kh1 {[%clk
00:27:07]} {[%emt 00:05:55]} Rd8 {[%clk 00:22:54]} {[%emt 00:19:19]} 27. Nxf7
{[%clk 00:21:54]} {[%emt 00:05:43]} Rd4 {[%clk 00:22:02]} {[%emt 00:01:22]} 28.
Bh3 {[%clk 00:10:42]} {[%emt 00:11:41]} Nce1 {[%clk 00:20:55]} {[%emt
00:01:37]} 29. Bg4 {[%clk 00:08:38]} {[%emt 00:02:34]} Ng5 {[%clk 00:07:05]}
{[%emt 00:14:20]} 30. Nh6+ {[%clk 00:06:31]} {[%emt 00:02:37]} Kf8 {[%clk
00:06:38]} {[%emt 00:00:13]} 31. Rxa7 {[%clk 00:05:51]} {[%emt 00:01:54]} Rf4
{[%clk 00:02:50]} {[%emt 00:04:18]} 32. Kg1 {[%clk 00:05:32]} {[%emt 00:00:48]}
Nd3 {[%clk 00:03:10]} {[%emt 00:00:11]} 33. f3 {[%clk 00:05:01]} {[%emt
00:01:02]} Nxf3+ {[%clk 00:03:04]} {[%emt 00:00:36]} 34. Bxf3 {[%clk 00:05:22]}
{[%emt 00:00:08]} Rxf3 {[%clk 00:03:31]} {[%emt 00:00:03]} 35. Rxh7 {[%clk
00:03:19]} {[%emt 00:02:32]} Rh3 {[%clk 00:02:21]} {[%emt 00:01:41]} 36. Rd7
{[%clk 00:01:13]} {[%emt 00:02:35]} Nc1 {[%clk 00:02:35]} {[%emt 00:00:17]} 37.
Nf7 {[%clk 00:01:11]} {[%emt 00:00:31]} Nxa2 {[%clk 00:02:34]} {[%emt
00:00:32]} 1/2-1/2

[Event "ODJM A 2023"]
[Site "Willingen GER"]
[Date "2023.05.28"]
[Round "2"]
[White "Sabirov, Rafael"]
[Black "Kliashtornyi, Arkadii"]
[Result "1-0"]
[Termination "normal"]
[Board "6"]
[WhiteElo "2089"]
[BlackElo "1853"]
[WhiteClock "00:40:22"]
[BlackClock "00:07:45"]
[PlyCount "49"]
[WhiteFideId "16241185"]
[BlackFideId "34119698"]
[EventCountry "GER"]
[EventRounds "9"]
[EventType "swiss"]
[EventDate "2023.05.27"]

1. e4 {[%clk 01:30:59]} c6 {[%clk 01:30:55]} {[%emt 00:00:05]} 2. d4 {[%clk
01:31:21]} {[%emt 00:00:08]} d5 {[%clk 01:31:21]} {[%emt 00:00:06]} 3. Nc3
{[%clk 01:30:33]} {[%emt 00:01:16]} dxe4 {[%clk 01:31:47]} {[%emt 00:00:05]} 4.
Nxe4 {[%clk 01:31:00]} {[%emt 00:00:03]} Nf6 {[%clk 01:32:14]} {[%emt
00:00:03]} 5. Nxf6+ {[%clk 01:31:21]} {[%emt 00:00:09]} exf6 {[%clk 01:32:40]}
{[%emt 00:00:04]} 6. c3 {[%clk 01:31:42]} {[%emt 00:00:08]} Bd6 {[%clk
01:33:04]} {[%emt 00:00:06]} 7. Bd3 {[%clk 01:32:06]} {[%emt 00:00:06]} O-O
{[%clk 01:33:28]} {[%emt 00:00:06]} 8. Ne2 {[%clk 01:32:30]} {[%emt 00:00:06]}
Re8 {[%clk 01:32:58]} {[%emt 00:01:00]} 9. O-O {[%clk 01:32:37]} {[%emt
00:00:23]} Nd7 {[%clk 01:26:09]} {[%emt 00:07:20]} 10. Ng3 {[%clk 01:28:27]}
{[%emt 00:04:39]} Nf8 {[%clk 01:18:25]} {[%emt 00:08:15]} 11. f4 {[%clk
01:28:45]} {[%emt 00:00:11]} Qc7 {[%clk 01:13:35]} {[%emt 00:05:20]} 12. f5
{[%clk 01:27:41]} {[%emt 00:01:35]} Bxg3 {[%clk 00:45:54]} {[%emt 00:28:11]}
13. hxg3 {[%clk 01:27:56]} {[%emt 00:00:14]} g5 {[%clk 00:44:37]} {[%emt
00:01:47]} 14. fxg6 {[%clk 01:22:52]} {[%emt 00:05:33]} fxg6 {[%clk 00:41:48]}
{[%emt 00:03:20]} 15. Qf3 {[%clk 01:10:34]} {[%emt 00:12:48]} f5 {[%clk
00:35:54]} {[%emt 00:06:25]} 16. Bf4 {[%clk 01:05:53]} {[%emt 00:05:10]} Qf7
{[%clk 00:34:19]} {[%emt 00:02:03]} 17. Bh6 {[%clk 00:54:06]} {[%emt 00:12:19]}
Be6 {[%clk 00:31:20]} {[%emt 00:03:29]} 18. b3 {[%clk 00:48:38]} {[%emt
00:05:58]} Nd7 {[%clk 00:28:49]} {[%emt 00:03:01]} 19. g4 {[%clk 00:44:01]}
{[%emt 00:05:07]} fxg4 {[%clk 00:20:45]} {[%emt 00:08:34]} 20. Qg3 {[%clk
00:42:33]} {[%emt 00:01:58]} Qe7 {[%clk 00:18:11]} {[%emt 00:03:05]} 21. Rae1
{[%clk 00:42:53]} {[%emt 00:00:09]} Qd8 {[%clk 00:08:24]} {[%emt 00:10:16]} 22.
Rxe6 {[%clk 00:41:49]} {[%emt 00:01:35]} Rxe6 {[%clk 00:08:09]} {[%emt
00:00:46]} 23. Bc4 {[%clk 00:42:10]} {[%emt 00:00:08]} Qe7 {[%clk 00:07:45]}
{[%emt 00:00:54]} 24. Re1 {[%clk 00:40:22]} {[%emt 00:02:18]} b5 {[%emt
00:03:23]} 25. Bd3 *

[Event "ODJM A 2023"]
[Site "Willingen GER"]
[Date "2023.05.28"]
[Round "2"]
[White "Melde, Benjamin"]
[Black "Weidenhöfer, Max"]
[Result "1-0"]
[Termination "normal"]
[Board "7"]
[WhiteElo "2135"]
[BlackElo "2000"]
[WhiteClock "00:01:10"]
[BlackClock "00:00:00"]
[PlyCount "126"]
[WhiteFideId "12958816"]
[BlackFideId "16230566"]
[EventCountry "GER"]
[EventRounds "9"]
[EventType "swiss"]
[EventDate "2023.05.27"]

1. c4 {[%clk 01:30:57]} {[%emt 00:00:02]} e6 {[%clk 01:30:56]} {[%emt
00:00:04]} 2. g3 {[%clk 01:31:24]} {[%emt 00:00:04]} d5 {[%clk 01:31:20]}
{[%emt 00:00:06]} 3. Bg2 {[%clk 01:31:50]} {[%emt 00:00:03]} Nf6 {[%clk
01:31:45]} {[%emt 00:00:06]} 4. Nf3 {[%clk 01:32:17]} {[%emt 00:00:03]} Be7
{[%clk 01:32:04]} {[%emt 00:00:10]} 5. O-O {[%clk 01:32:41]} {[%emt 00:00:06]}
c6 {[%clk 01:31:50]} {[%emt 00:00:45]} 6. b3 {[%clk 01:33:06]} {[%emt
00:00:04]} O-O {[%clk 01:31:27]} {[%emt 00:00:53]} 7. Bb2 {[%clk 01:33:32]}
{[%emt 00:00:04]} Nbd7 {[%clk 01:31:36]} {[%emt 00:00:22]} 8. d3 {[%clk
01:33:53]} {[%emt 00:00:09]} b5 {[%clk 01:31:39]} {[%emt 00:00:26]} 9. Nbd2
{[%clk 01:33:49]} {[%emt 00:00:34]} Bb7 {[%clk 01:28:08]} {[%emt 00:04:01]} 10.
Rc1 {[%clk 01:26:46]} {[%emt 00:07:34]} Rc8 {[%clk 01:22:06]} {[%emt 00:06:31]}
11. cxb5 {[%clk 01:24:53]} {[%emt 00:02:23]} cxb5 {[%clk 01:22:28]} {[%emt
00:00:08]} 12. Rxc8 {[%clk 01:25:19]} {[%emt 00:00:04]} Qxc8 {[%clk 01:22:33]}
{[%emt 00:00:25]} 13. Qa1 {[%clk 01:25:45]} {[%emt 00:00:04]} Qa8 {[%clk
01:13:30]} {[%emt 00:09:33]} 14. Nd4 {[%clk 01:04:56]} {[%emt 00:21:19]} a6
{[%clk 01:11:44]} {[%emt 00:02:16]} 15. h3 {[%clk 01:02:58]} {[%emt 00:02:27]}
Rc8 {[%emt 00:04:09]} 16. f4 {[%clk 01:02:38]} Nc5 {[%clk 00:54:37]} {[%emt
00:14:50]} 17. N2f3 {[%clk 00:53:23]} {[%emt 00:09:45]} Qb8 {[%clk 00:52:47]}
{[%emt 00:02:20]} 18. Qe1 {[%clk 00:29:37]} {[%emt 00:24:16]} Bd6 {[%clk
00:49:55]} {[%emt 00:03:21]} 19. Qf2 {[%clk 00:27:31]} {[%emt 00:02:37]} h6
{[%clk 00:44:15]} {[%emt 00:06:10]} 20. Qe3 {[%clk 00:27:20]} {[%emt 00:00:40]}
Ncd7 {[%clk 00:37:21]} {[%emt 00:07:23]} 21. Ba1 {[%clk 00:22:31]} {[%emt
00:05:20]} Nh5 {[%clk 00:33:52]} {[%emt 00:03:59]} 22. Ne5 {[%clk 00:13:05]}
{[%emt 00:09:56]} Nxe5 {[%clk 00:26:29]} {[%emt 00:07:53]} 23. fxe5 {[%clk
00:13:34]} {[%emt 00:00:02]} Bxe5 {[%clk 00:26:42]} {[%emt 00:00:16]} 24. Nc6
{[%clk 00:13:30]} {[%emt 00:00:34]} Bf4 {[%clk 00:07:34]} {[%emt 00:19:38]} 25.
Ne7+ {[%clk 00:12:08]} {[%emt 00:01:53]} Kf8 {[%clk 00:07:56]} {[%emt
00:00:08]} 26. gxf4 {[%clk 00:10:58]} {[%emt 00:01:39]} Kxe7 {[%clk 00:08:06]}
{[%emt 00:00:20]} 27. Be5 {[%clk 00:10:53]} {[%emt 00:00:35]} Qa8 {[%clk
00:08:11]} {[%emt 00:00:26]} 28. Qb6 {[%clk 00:09:38]} {[%emt 00:01:44]} Rc6
{[%clk 00:07:16]} {[%emt 00:01:26]} 29. Qd4 {[%clk 00:09:00]} {[%emt 00:01:08]}
f6 {[%clk 00:06:13]} {[%emt 00:01:33]} 30. Qb4+ {[%clk 00:09:25]} {[%emt
00:00:05]} Kf7 {[%clk 00:06:29]} {[%emt 00:00:14]} 31. Bc3 {[%clk 00:06:31]}
{[%emt 00:03:24]} Ng3 {[%clk 00:05:31]} {[%emt 00:01:28]} 32. Re1 {[%clk
00:06:37]} {[%emt 00:00:23]} Qc8 {[%clk 00:04:53]} {[%emt 00:01:08]} 33. Bd2
{[%clk 00:02:26]} {[%emt 00:04:42]} Rc2 {[%clk 00:05:21]} {[%emt 00:00:01]} 34.
a4 {[%clk 00:02:12]} {[%emt 00:00:44]} Qc5+ {[%clk 00:04:05]} {[%emt 00:01:47]}
35. Qxc5 {[%clk 00:02:39]} {[%emt 00:00:02]} Rxc5 {[%clk 00:04:34]} {[%emt
00:00:01]} 36. Kf2 {[%clk 00:01:35]} {[%emt 00:01:34]} Nf5 {[%clk 00:04:19]}
{[%emt 00:00:45]} 37. Rc1 {[%clk 00:01:42]} {[%emt 00:00:23]} Rxc1 {[%clk
00:04:08]} {[%emt 00:00:41]} 38. Bxc1 {[%clk 00:02:11]} Nd4 {[%clk 00:02:29]}
{[%emt 00:02:09]} 39. axb5 {[%clk 00:02:20]} {[%emt 00:00:22]} axb5 {[%clk
00:02:16]} {[%emt 00:00:43]} 40. b4 {[%clk 00:02:40]} {[%emt 00:00:09]} Nf5
{[%clk 00:01:27]} {[%emt 00:01:19]} 41. Bf3 {[%clk 00:19:18]} {[%emt 00:13:51]}
e5 {[%clk 00:25:44]} {[%emt 00:06:14]} 42. e4 {[%clk 00:10:57]} {[%emt
00:08:51]} dxe4 {[%clk 00:23:56]} {[%emt 00:02:18]} 43. dxe4 {[%clk 00:11:26]}
{[%emt 00:00:02]} Nd6 {[%clk 00:21:13]} {[%emt 00:03:13]} 44. fxe5 {[%clk
00:10:59]} {[%emt 00:00:57]} fxe5 {[%clk 00:21:36]} {[%emt 00:00:06]} 45. Ke3
{[%clk 00:11:24]} {[%emt 00:00:05]} Kf6 {[%clk 00:19:57]} {[%emt 00:02:09]} 46.
Kd3 {[%clk 00:11:48]} {[%emt 00:00:06]} Bc8 {[%clk 00:19:12]} {[%emt 00:01:15]}
47. h4 {[%clk 00:10:18]} {[%emt 00:02:00]} Bh3 {[%clk 00:17:41]} {[%emt
00:02:01]} 48. Be3 {[%clk 00:10:08]} {[%emt 00:00:40]} Bf1+ {[%clk 00:13:09]}
{[%emt 00:05:02]} 49. Kc3 {[%clk 00:10:19]} {[%emt 00:00:19]} g5 {[%clk
00:11:08]} {[%emt 00:02:31]} 50. hxg5+ {[%clk 00:10:07]} {[%emt 00:00:42]} hxg5
{[%clk 00:11:36]} {[%emt 00:00:01]} 51. Bc5 {[%clk 00:07:24]} {[%emt 00:03:14]}
Nf7 {[%emt 00:01:09]} 52. Bh5 {[%clk 00:07:46]} Nd8 {[%clk 00:09:56]} {[%emt
00:01:38]} 53. Bg4 {[%clk 00:06:59]} {[%emt 00:01:18]} Bc4 {[%clk 00:09:31]}
{[%emt 00:00:55]} 54. Bd7 {[%clk 00:04:41]} {[%emt 00:02:47]} Nf7 {[%clk
00:08:19]} {[%emt 00:01:43]} 55. Kd2 {[%clk 00:04:57]} {[%emt 00:00:14]} Nh6
{[%clk 00:05:08]} {[%emt 00:03:40]} 56. Bf8 {[%clk 00:05:16]} {[%emt 00:00:12]}
Ng8 {[%clk 00:04:24]} {[%emt 00:01:13]} 57. Bd6 {[%clk 00:04:34]} {[%emt
00:01:12]} Ne7 {[%clk 00:03:35]} {[%emt 00:01:19]} 58. Be8 {[%clk 00:04:26]}
{[%emt 00:00:38]} Ke6 {[%clk 00:01:11]} {[%emt 00:02:54]} 59. Bc5 {[%clk
00:04:45]} {[%emt 00:00:11]} Ng8 {[%clk 00:01:15]} {[%emt 00:00:26]} 60. Ke3
{[%clk 00:03:24]} {[%emt 00:01:51]} Nh6 {[%clk 00:01:05]} {[%emt 00:00:41]} 61.
Kf3 {[%clk 00:02:30]} {[%emt 00:01:23]} Nf7 {[%clk 00:00:41]} {[%emt 00:00:54]}
62. Bxf7+ {[%clk 00:01:01]} {[%emt 00:01:59]} Kxf7 {[%clk 00:01:06]} {[%emt
00:00:05]} 63. Bd6 {[%clk 00:01:10]} {[%emt 00:00:22]} Kf6 {[%clk 00:00:00]}
{[%emt 00:01:05]} 1-0